000 00496nam a2200145 a 4500
001 000038087
005 20240305095749.0
008 130313s2010 dr 000 0 spa d
040 _aDO-SdBNP
_bspa
_cBNPHU
100 1 _aSuazo, Miguel
_9241
245 1 0 _aDimensión de la ética y la transparencia en la reforma del estado dominicano. /
_cMiguel Suazo ; presentación Marcos Villamán.
260 _aSanto Domingo :
_bCONARE,
_c2010.
300 _a11 p. ;
_c29 cm.
700 1 _aVillamán, Marcos
_9760
999 _c37577
_d37577